000 00318nam a2200121Ia 4500
008 171211s9999 xx 000 0 und d
020 _a9781455758302
100 _aChabner, Davi-Ellen
245 _aMedical Terminology A short Course
250 _a7th Edition
260 _bElsevier, Inc.
_c2015
300 _a415 pages
999 _c350820
_d350820